[Event "Koge Xtracon op"]
[Site "Koge"]
[Date "2013.10.18"]
[Round "5"]
[White "Norlander, Svante"]
[Black "Amstrup Jensen, Jens"]
[Result "1-0"]
[WhiteElo "1766"]
[BlackElo "1646"]
[PlyCount "67"]
[EventDate "2013.10.14"]
[EventType "swiss"]
[EventRounds "9"]
[EventCountry "DEN"]
[SourceTitle "EXT 2014"]
[Source "ChessBase"]
[SourceDate "2013.11.20"]
[SourceVersion "1"]
[SourceVersionDate "2013.11.20"]
[SourceQuality "1"]

1. e4 d6 2. d4 Nf6 3. Nc3 g6 4. f4 Bg7 5. Bc4 0-0 6. Nf3 Bg4 7. Be3 a6 8. h3 Bxf3 9. Qxf3 c6 10. 0-0-0 b5 11. Bb3 Nfd7 12. g4 a5 13. a4 bxa4 14. Nxa4 Nb6 15. e5 Nxa4 16. Bxa4 d5 17. f5 Ra6 18. Bg5 Nd7 19. Qa3 f6 20. exf6 Nxf6 21. Rhe1 Re8 22. Re6 h6 23. Bf4 g5 24. Bh2 Qd7 25. Rde1 Ne4 26. Be5 Bf6 27. c4 Kf7 28. cxd5 Bxe5 29. Rxe5 Qc7 30. dxc6 Rxc6+ 31. Bxc6 Qxc6+ 32. Kb1 Nd2+ 33. Ka1 Nc4 34. Rxe7+ 1-0

[Event "Koge Xtracon op"]
[Site "Koge"]
[Date "2013.10.16"]
[Round "3"]
[White "Andersen, Morten"]
[Black "Amstrup Jensen, Jens"]
[Result "1-0"]
[WhiteElo "2153"]
[BlackElo "1646"]
[PlyCount "59"]
[EventDate "2013.10.14"]
[EventType "swiss"]
[EventRounds "9"]
[EventCountry "DEN"]
[SourceTitle "EXT 2014"]
[Source "ChessBase"]
[SourceDate "2013.11.20"]
[SourceVersion "1"]
[SourceVersionDate "2013.11.20"]
[SourceQuality "1"]

1. e4 d6 2. g3 e5 3. Bg2 Nc6 4. d3 g6 5. c4 Bg7 6. Nc3 Nge7 7. Nge2 Bg4 8. f3 Bd7 9. 0-0 h5 10. Rb1 Qc8 11. Nd5 Nxd5 12. cxd5 Ne7 13. d4 Bh3 14. dxe5 Bxg2 15. Kxg2 Bxe5 16. f4 Bf6 17. Be3 h4 18. Bd4 Ng8 19. f5 g5 20. Bxf6 Nxf6 21. Qd4 Qd8 22. Rbc1 Qe7 23. Rfe1 Rh7 24. Nc3 h3+ 25. Kg1 Ng4 26. Nb5 c6 27. dxc6 Ne5 28. cxb7 Rb8 29. Nxd6+ Kf8 30. Rc8+ 1-0

[Event "Koge Xtracon op"]
[Site "Koge"]
[Date "2013.10.15"]
[Round "2"]
[White "Amstrup Jensen, Jens"]
[Black "Gade, Jens"]
[Result "1-0"]
[WhiteElo "1646"]
[BlackElo "1619"]
[PlyCount "91"]
[EventDate "2013.10.14"]
[EventType "swiss"]
[EventRounds "9"]
[EventCountry "DEN"]
[SourceTitle "EXT 2014"]
[Source "ChessBase"]
[SourceDate "2013.11.20"]
[SourceVersion "1"]
[SourceVersionDate "2013.11.20"]
[SourceQuality "1"]

1. d4 d5 2. c4 dxc4 3. e4 e6 4. Nf3 Nf6 5. Bg5 Be7 6. Bxf6 Bxf6 7. e5 Be7 8. Bxc4 0-0 9. 0-0 b6 10. Nc3 c6 11. Qe2 Bb7 12. Rac1 Re8 13. Rfd1 Nd7 14. Bd3 c5 15. dxc5 Bxc5 16. Bb5 Re7 17. Ne4 Bd5 18. Nc3 Bxf3 19. Qxf3 Rc8 20. Ne4 Rc7 21. Nxc5 Rxc5 22. Rxc5 bxc5 23. Qb7 Qb6 24. Rxd7 Rxd7 25. Qxd7 g6 26. h4 a6 27. Qe8+ Kg7 28. Bc4 Qxb2 29. Bxe6 fxe6 30. Qxe6 Qb1+ 31. Kh2 Qf5 32. Qe7+ Qf7 33. Qxc5 Qf4+ 34. g3 Qf7 35. a3 Kh6 36. Qe3+ Kg7 37. f4 Qa2+ 38. Kh3 Qe6+ 39. g4 h5 40. Qf3 Kh6 41. Kg3 hxg4 42. Qxg4 Qb3+ 43. Qf3 Qe6 44. Qe3 Kh5 45. f5 gxf5 46. Qg5# 1-0